Wilhelm Meister's apprenticeship / (Record no. 22482)
[ view plain ]
| 000 -LEADER | |
|---|---|
| fixed length control field | 00696cam a2200229 a 4500 |
| 001 - CONTROL NUMBER | |
| control field | 22482 |
| 003 - CONTROL NUMBER IDENTIFIER | |
| rucl marc code | BD-RjUL |
| 005 - DATE AND TIME OF LATEST TRANSACTION | |
| control field | 20211209000819.0 |
| 008 - FIXED-LENGTH DATA ELEMENTS--GENERAL INFORMATION | |
| fixed length control field | 140308s1969 nyua 000 1 eng |
| 035 ## - SYSTEM CONTROL NUMBER | |
| System control number | (BD-RjUL)22547 |
| 040 ## - CATALOGING SOURCE | |
| Original cataloging agency | DLC |
| Transcribing agency | DLC |
| Modifying agency | BD-RjUL |
| Language of cataloging | eng |
| 041 1# - LANGUAGE CODE | |
| Language code of text/sound track or separate title | eng |
| Language code of original | ger |
| 082 ## - DEWEY DECIMAL CLASSIFICATION NUMBER | |
| Classification number | 824.8 |
| Author mark and year | CAW V-2 1969 |
| 100 1# - MAIN ENTRY--PERSONAL NAME | |
| Personal name | Carlyle, Thomas. |
| 9 (RLIN) | 69434 |
| 245 10 - TITLE STATEMENT | |
| Title | Wilhelm Meister's apprenticeship / |
| Statement of responsibility, etc. | tr. from the German of Goethe |
| Number of part/section of a work | volume II |
| 260 ## - PUBLICATION, DISTRIBUTION, ETC. (IMPRINT) | |
| Place of publication, distribution, etc. | New York : |
| Name of publisher, distributor, etc. | Ams Press, |
| Date of publication, distribution, etc. | 1969. |
| 300 ## - PHYSICAL DESCRIPTION | |
| Pagination | 418 p. : |
| Illustrations | ill. ; |
| Size | 21 cm. |
| 600 #0 - SUBJECT ADDED ENTRY--PERSONAL NAME | |
| Personal name | Goethe, Johann Wolfgang von. |
| General subdivision | Wilhelm Meisters Lehrjahre. |
| 942 ## - ADDED ENTRY ELEMENTS (KOHA) | |
| Source of classification or shelving scheme | Dewey Decimal Classification |
| Koha item type | Books |
| Lost status | Source of classification or shelving scheme | Damaged status | Not for loan | Collection code | Permanent Location | Current Location | Shelving location | Date acquired | Source of acquisition | Total Checkouts | Full call number | Date last seen | Copy number | Koha item type |
|---|---|---|---|---|---|---|---|---|---|---|---|---|---|---|
| Dewey Decimal Classification | Added to bundle | Fiction | Central Library, University of Rajshahi | Central Library, University of Rajshahi | Reading Room | 17/11/1970 | Zeitlinger | 824.8 CAW V-2 1969 | 08/03/2014 | C-1 | Books |